Gemeinden die Saar im Namen haben - Statistiken

Allgemein
  • Dieses Quiz wurde 78 mal gespielt
  • Das Durchschnittsergebnis liegt bei 3 aus 8
Antwortstatistiken
Bundesland Einwohner Gemeinde % Korrekt
Saarland 179.349 Saarbrücken
100%
Saarland 34.409 Saarlouis
91%
Rheinland-Pfalz 7489 Saarburg
66%
Saarland 13.182 Saarwellingen
53%
Saarland 19.801 Dillingen/Saar
15%
Saarland 16.343 Sulzbach/Saar
9%
Rheinland-Pfalz 605 Wawern (Saar)
4%
Rheinland-Pfalz 331 Mannebach (bei Saarburg)
1%
Keine übereinstimmenden Quizze gefunden
Verteilung der Resultate
Anzahl Personen mit jedem Resultat
Perzentil nach korrekt beantworteten Fragen
Ihre Resultats-Entwicklung
Sie haben dieses Quiz noch nicht gespielt